LEADER 01123nam a2200241 i 4500 001 000000142250 003 CaOOAMICUS 005 20050831000000.0 008 050831s1944 it u000 u ita u 013 $a117511 040 $aSeMil$bita 245 10$aResponsabilità della cattedra :$bproblemi di morale professionale nell'insegnamento /$csaggi e note di M. Bendiscioli ... [et al.] ; a cura di Fausto Montanari. 260 $aRoma :$bStudium,$c1944. 300 $a92 p. ;$c23 cm. 490 0 $aQuaderni di Studium ;$v9 650 4$aInsegnamento.$0(OLS)http://semarc/subject/11690 700 1 $aMontanari, Fausto,$d<1907-2000>.$0(OLS)http://semarc/name/6349 700 1 $aBendiscioli, Mario,$d<1903-1998>.$0(OLS)http://semarc/name/9378 830 0$aQuaderni di Studium ;$v9.$0(OLS)http://semarc/title/6878 850 $aSeMil 852 $aSeMil$W1$xVenegono$y1$m2R III 78$j95424$B95424$CSeMilBibl$Z2$F102220 $81 996 $6245$aResponsabilità della cattedra :$bproblemi di morale professionale nell'insegnamento$9(OLS)http://semarc/title/207969 996 $6260$aRoma :$bStudium$9(OLS)http://semarc/publisher/29617 LEADER 01461nam a2200313 i 4500 001 000000172052 003 CaOOAMICUS 005 20191203151205.0 008 080609s2007 it u000 u ita u 013 $a149489 020 $a978-88-7462-154-5 040 $aSeMil$bita 100 1 $aFrazer, James George,$d<1854-1941>.$0(OLS)http://semarc/name/9510 245 13$aLa crocifissione di Cristo /$cJames George Frazer ; seguito da La crocifissione di Aman di Edgar Wind ; a cura di Andrea Damascelli. 260 $aMacerata :$bQuodlibet,$c2007. 300 $a254 p. :$bill. (b/n) ;$c19 cm. 490 0 $aQuodlibet ;$v43 650 4$aGesù Cristo - Crocifissione - Interpretazione antropologica.$0(OLS)http://semarc/subject/32753 650 4$aBuonarroti, Michelangelo <1475-1564> - Affreschi - Cappella Sistina . Crocifissione di Aman.$0(OLS)http://semarc/subject/32754 700 1 $aDamascelli, Andrea.$0(OLS)http://semarc/name/64347 700 1 $aWind, Edgar.$0(OLS)http://semarc/name/18000 830 0$aQuodlibet ;$v43.$0(OLS)http://semarc/title/427208 850 $aSeMil 852 $aSeMil$W1$xVenegono$y1$m2R I 52$j122915$B122915$CSeMilBibl$Z2$F134500 $81 961 $aAcquisto: DEA 996 $6020$a978-88-7462-154-5$9(OLS)http://semarc/number/159345 996 $6245$aLa crocifissione di Cristo$9(OLS)http://semarc/title/246292 996 $6260$aMacerata :$bQuodlibet$9(OLS)http://semarc/publisher/33216